000 01000nam a2200277 a 4500
001 000015222
005 20260305100831.0
008 100203s1998 dr 001 0 spa d
040 _aDO-SdBNP
_bspa
_cBNPHU
082 _a320.54
_bD665q, 1998
100 1 _aDolores Alfonseca, José
_934457
245 1 0 _a¿Qué es el patriotismo? /
_cJosé Dolores Alfonseca ; edición Tomás Castro Burdiéz.
250 _a3ª ed.
260 _aSanto Domingo :
_bLibrería La Trinitaria,
_c1998.
300 _a65 p. ;
_c22 cm.
490 1 _aCuadernos Patrióticos
_v2
500 _aIncluye datos biográficos del autor.
504 _aIncluye bibliografía y notas al pié de páginas.
590 _aInventariado, 2018/ YL
650 4 _aPatriotismo
_934458
650 0 _aNacionalismo
_910966
650 4 _aActitudes políticas
_xEnsayos, conferencias, etc.
_934459
700 _aCastro, Tomás,
_d1959-
_eed.
_924641
830 0 _aCuadernos Patrióticos
_n2
_934460
910 _aValidado. Control de calidad EMS
999 _c14792
_d14792